| 000 | 00857nas a2200289 4500 | ||
|---|---|---|---|
| 001 | BR2016000410 | ||
| 003 | BR-BrBNA | ||
| 005 | 20231205130047.0 | ||
| 007 | ta | ||
| 008 | 230509b bl.|||p| |||| 00| 00por d | ||
| 040 |
_aBR-BrBNA _bpor _cBiblioteca Nacional de Agricultura |
||
| 041 | _a(En) | ||
| 072 | _aH20 | ||
| 100 | 1 | _aButt, H. | |
| 100 | 1 | _aMukhtar, T. | |
| 100 | 1 | _aBatool, M. | |
| 245 | 1 | _aSpilocaea pyracanthae causing leaf scab on loquat in Pakistan | |
| 650 | _aNÊSPERA | ||
| 650 | _aFRUTA TROPICAL | ||
| 650 | _aDOENÇA DE PLANTA | ||
| 650 | _aFOLHA | ||
| 650 | _aFUNGO | ||
| 773 | 0 |
_tBragantia (Brazil) _xISSN 1678-4499 _g(Jan-Mar 2016), v. 75(1) p. 76-78 _wBR2016000410 |
|
| 856 | 4 | 0 | _uhttp://www.scielo.br/pdf/brag/v75n1/0006-8705-brag-1678-4499235.pdf |
| 909 |
_a202311 _bLúcia _c55 _dLúcia Elande |
||
| 942 |
_2AGRIS _n0 _cANA |
||
| 999 |
_c247700 _d247700 |
||